ARRUPE JESUIT UNIVERSITY

CORONAVIRUS -STOP THE SPREAD - CLEAN,DISINFECT,COVER

Confronting war : (Record no. 123771)

MARC details
000 -LEADER
fixed length control field 01114cam a2200301 a 4500
001 - CONTROL NUMBER
control field 2067037
003 - CONTROL NUMBER IDENTIFIER
control field ARRUPE
005 - DATE AND TIME OF LATEST TRANSACTION
control field 20151111144938.0
008 - FIXED-LENGTH DATA ELEMENTS--GENERAL INFORMATION
fixed length control field 940128s1994 ncuab b 001 0 eng
010 ## - LIBRARY OF CONGRESS CONTROL NUMBER
LC control number 94001409
020 ## - INTERNATIONAL STANDARD BOOK NUMBER
International Standard Book Number 0899509800 (lib. bdg. : alk. paper)
040 ## - CATALOGING SOURCE
Original cataloging agency DLC
Transcribing agency DLC
Modifying agency DLC
050 00 - LIBRARY OF CONGRESS CALL NUMBER
Classification number U21.2
Item number .G54 1994
082 00 - DEWEY DECIMAL CLASSIFICATION NUMBER
Classification number 303.6/6
Edition number 20
300 ## - PHYSICAL DESCRIPTION
Other physical details ill., maps ;
Dimensions 24 cm.
100 1# - MAIN ENTRY--PERSONAL NAME
Personal name Glossop, Ronald J.,
Dates associated with a name 1933-
9 (RLIN) 21033
245 10 - TITLE STATEMENT
Title Confronting war :
Remainder of title an examination of humanity's most pressing problem /
Statement of responsibility, etc by Ronald J. Glossop.
250 ## - EDITION STATEMENT
Edition statement 3rd ed.
260 ## - PUBLICATION, DISTRIBUTION, ETC. (IMPRINT)
Place of publication, distribution, etc Jefferson, N.C. :
Name of publisher, distributor, etc McFarland,
Date of publication, distribution, etc c1994.
300 ## - PHYSICAL DESCRIPTION
Extent xiv, 435 p. :
504 ## - BIBLIOGRAPHY, ETC. NOTE
Bibliography, etc Includes bibliographical references (p. 413-415) and index.
650 #0 - SUBJECT ADDED ENTRY--TOPICAL TERM
Topical term or geographic name as entry element War.
9 (RLIN) 6446
650 #0 - SUBJECT ADDED ENTRY--TOPICAL TERM
Topical term or geographic name as entry element International relations.
9 (RLIN) 21034
650 #0 - SUBJECT ADDED ENTRY--TOPICAL TERM
Topical term or geographic name as entry element Conflict management.
9 (RLIN) 2507
650 #0 - SUBJECT ADDED ENTRY--TOPICAL TERM
Topical term or geographic name as entry element International organization.
9 (RLIN) 7905
906 ## - LOCAL DATA ELEMENT F, LDF (RLIN)
a 7
b cbc
c orignew
d 1
e ocip
f 19
g y-gencatlg
942 ## - ADDED ENTRY ELEMENTS (KOHA)
Source of classification or shelving scheme Library of Congress Classification
Koha item type Monograph ( Printed materials)
Holdings
Withdrawn status Lost status Source of classification or shelving scheme Damaged status Not for loan Collection code Home library Current library Shelving location Date acquired Total Checkouts Full call number Barcode Date last seen Price effective from Koha item type
    Library of Congress Classification     Main Collection ARRUPE LIBRARY ARRUPE LIBRARY Main Collection 11/11/2015   U21.2G54 1994 46500005762 11/09/2019 11/11/2015 Monograph ( Printed materials)

 

Arrupe Library. PO Box MP320 Mt Pleasant, Harare, Zimbabwe
263 242 745411|librarian@aju.ac.zw